Star Wars Prequel Trilogy - Statistics

General Stats
  • This quiz has been taken 100 times
  • The average score is 14 of 20
Answer Stats
Hint Answer % Correct
Whose DNA is the Clone Army based on? Jango Fett
97%
Who is killed by Darth Maul? Qui-Gon Jinn
97%
Who is the Sith Lord who cuts off Anakin's arm? Count Dooku
93%
What is the order Darth Sidious gives the clones to kill their Jedi leaders? "Execute Order 66"
91%
What are Jar Jar Binks, Captain Tarples, and Boss Nass (besides annoying)? Gungans
89%
What group of people kidnap Anakin's mother? Tusken Raiders
89%
On what planet is the Clone Army being built? Kamino
85%
What evil corporation blockades the planet Naboo? Trade Federation
84%
Who is Obi-Wan's clone second-in-command? Commander Cody
83%
What is the volcanic planet where Obi-Wan and Anakin battle it out? Mustafar
80%
What planet is the droid factory located on? Geonosis
78%
Who is the senator from Alderaan who adopts Leia? Bail Organa
76%
Who owns Anakin and his mother? Watto
76%
Who is the chancellor who is voted out by the Galactic Senate? Chancellor Valorum
68%
Who is the Dug in the Boonta Eve podrace? Sebulba
62%
On what planet does Obi-Wan battle General Grievous? Utapau
57%
What bounty hunter attempts to assassinate Padme? Zam Wessell
55%
What is the name of the warship Chancellor Palpatine is held prisoner on? Invisible Hand
30%
What is the medical astroid field where Luke and Leia are born? Polis Massa
23%
What is the giant spider-like creature Obi-Wan battles in the arena? Acklay
17%
No matching quizzes found
Score Distribution
Percent of People with Each Score
Percentile by Number Answered
Your Score History
You have not taken this quiz